|
|
|
|
| LEADER |
00000nam0a2200000 4500 |
| 001 |
292847 |
| 005 |
20231102000534.0 |
| 020 |
|
|
|a RU
|b 84-14638
|
| 035 |
|
|
|a (RuTPU)RU\TPU\book\317499
|
| 090 |
|
|
|a 292847
|
| 100 |
|
|
|a 20150427d1984 km y0rusy5003 ca
|
| 101 |
0 |
|
|a rus
|
| 102 |
|
|
|a RU
|
| 105 |
|
|
|a a z 000zy
|
| 200 |
1 |
|
|a Верность героическим традициям. Партийное руководство воено-патриотриотическим и интернациональным воспитанием
|f И. Х. Юнак
|
| 210 |
|
|
|a Москва
|c Политиздат
|d 1984
|
| 215 |
|
|
|a 142 с.
|c 8 л. ил.
|
| 606 |
1 |
|
|a Идеологическая работа КПСС
|2 stltpush
|3 (RuTPU)RU\TPU\subj\12184
|9 39016
|
| 610 |
1 |
|
|a военно-патриотическое воспитание
|
| 610 |
1 |
|
|a интернациональное воспитание
|
| 610 |
1 |
|
|a традиции революционные
|
| 610 |
1 |
|
|a традиции боевые
|
| 610 |
1 |
|
|a традиции трудовые
|
| 610 |
1 |
|
|a интернационализм
|
| 686 |
|
|
|a Ф61(2)5
|v LBC/SL-A
|2 rubbk
|
| 700 |
|
1 |
|a Юнак
|b И. Х.
|g Иван Харитонович
|
| 801 |
|
0 |
|a RU
|b RuMRKP
|c 19950704
|g psbo
|
| 801 |
|
1 |
|a RU
|b 63413507
|c 20150427
|
| 801 |
|
2 |
|a RU
|b 63413507
|c 20170719
|g RCR
|
| 942 |
|
|
|c BK
|